UBT Library

English skills with readings / (Record no. 41618)

000 -LEADER
fixed length control field 00699cam a2200229 a 4500
001 - CONTROL NUMBER
control field 15076379
005 - DATE AND TIME OF LATEST TRANSACTION
control field 20180202045205.0
008 - FIXED-LENGTH DATA ELEMENTS--GENERAL INFORMATION
fixed length control field 071108s2008 maua 000 0 eng
010 ## - LIBRARY OF CONGRESS CONTROL NUMBER
LC control number 2007088423
020 ## - INTERNATIONAL STANDARD BOOK NUMBER
International Standard Book Number 9780073384115 (pbk. : acidfree paper : student ed.)
020 ## - INTERNATIONAL STANDARD BOOK NUMBER
International Standard Book Number 0073384119 (pbk. : acidfree paper : student ed.)
040 ## - CATALOGING SOURCE
Original cataloging agency DLC
Transcribing agency DLC
Modifying agency DLC
041 ## - LANGUAGE CODE
Language code of text/sound track or separate title eng
080 ## - UNIVERSAL DECIMAL CLASSIFICATION NUMBER
Universal Decimal Classification number 808.0427 LAN
082 00 - DEWEY DECIMAL CLASSIFICATION NUMBER
Classification number 808.0427 LAN
Edition number 22
100 1# - Rafti
Rafti 47
101 ## - Shkurtesa
Shkurtesa EDU
245 10 - TITLE STATEMENT
Title English skills with readings /
Statement of responsibility, etc John Langan.
906 ## - LOCAL DATA ELEMENT F, LDF (RLIN)
a 7
b cbc
c origcop
d 3
e ncip
f 20
g y-gencatlg
942 ## - ADDED ENTRY ELEMENTS (KOHA)
Source of classification or shelving scheme
Item type Books
Holdings
Withdrawn status Lost status Source of classification or shelving scheme Damaged status Not for loan Collection code Permanent location Current location Shelving location Date acquired Total Checkouts Full call number Barcode Date last seen Price effective from Koha item type
          Koleksioni i përgjithshem UBT - Lipjan UBT - Lipjan Koleksioni i përgjithshem 02/02/2018   808.0427 LAN 002-2997453 02/02/2018 02/02/2018 Books
UBT Library © 2015-2024. All rights reserved University Education for Business and Technology